000
00271nam a2200097Ia 4500
001
1195386
005
20250827021746.0
008
250824s9999 xx 000 0 und d
245
0
_a
GULYABANİ / GÖNÜL TİCARETİ
_c
HÜSEYİN RAHMİ GÜRPINAR
260
_b
EVEREST YAYINLARI
999
_c
1195386
_d
1195386